|
|
|
|
| LEADER |
00000nam0a2200000 4500 |
| 001 |
168284 |
| 005 |
20231101222740.0 |
| 010 |
|
|
|a 9785902766650
|
| 010 |
|
|
|a 978-5-8291-1135-9
|
| 035 |
|
|
|a (RuTPU)RU\TPU\book\182591
|
| 090 |
|
|
|a 168284
|
| 100 |
|
|
|a 20091027d2009 km y0rusy50 ca
|
| 101 |
1 |
|
|a rus
|c eng
|
| 102 |
|
|
|a RU
|
| 105 |
|
|
|a y z 001zy
|
| 200 |
1 |
|
|a Шесть систем индийской философии
|e пер. с англ.
|f Ф. М. Мюллер
|
| 210 |
|
|
|a Москва
|c Академический проект
|c Альма Матер
|d 2009
|
| 215 |
|
|
|a 432 с.
|
| 225 |
1 |
|
|a Концепции
|
| 320 |
|
|
|a Список сокращений: с. 428.
|
| 330 |
|
|
|a Эта книга принадлежит перу виднейшего немецко-английского филолога, индолога и мифолога, профессора Оксфордского университета Макса Мюллера (1823-1900) — одного из основоположников научного религиоведения, редактора первого в Европе издания Ригведы, переводчика Упанишад, Джаммапады и буддийских текстов, ученого, многие годы отдавшего изданию серии «Священные книги Востока» (более 50 томов). Научные труды самого Мюллера, посвященные главным образом индийской философии и языковедению, вопросам сравнительного изучения мифов и религиозных представлений разных народов, неизменно отличал «талант живого художественного изложения, благодаря которому самые сухие предметы делались интересными и увлекательными». В его последней большой работе «Шесть систем индийской философии» (1899) прослеживается развитие древней индийской философии начиная с периода, предшествующего Упанишадам, рассматриваются ее история в буддийский ведический периоды, основные философские учения и общие идеи. На русский книга была переведена в 1901 году, и с тех пор она считается фундаментальным трудом по индийской философии и религии.
|
| 606 |
1 |
|
|a Индийская философия
|2 stltpush
|3 (RuTPU)RU\TPU\subj\12501
|9 39277
|
| 610 |
1 |
|
|a буддизм
|
| 610 |
1 |
|
|a буддийская философия
|
| 610 |
1 |
|
|a Веды
|
| 610 |
1 |
|
|a веданта
|
| 610 |
1 |
|
|a пурва-миманса
|
| 610 |
1 |
|
|a санкхьи
|
| 610 |
1 |
|
|a йога
|
| 610 |
1 |
|
|a ньяя
|
| 610 |
1 |
|
|a вайшешики
|
| 610 |
1 |
|
|a Восток
|
| 610 |
1 |
|
|a религии
|
| 610 |
1 |
|
|a Индия
|
| 610 |
1 |
|
|a философские учения
|
| 686 |
|
|
|a Ю3(5Ид)
|v LBC/SL-A
|2 rubbk
|
| 700 |
|
1 |
|a Мюллер
|b Ф. М.
|g Фридрих Макс
|
| 801 |
|
1 |
|a RU
|b 63413507
|c 20091027
|
| 801 |
|
2 |
|a RU
|b 63413507
|c 20150127
|g RCR
|
| 942 |
|
|
|c BK
|
| 959 |
|
|
|a 111/20091027
|d 1
|e 230,00
|f ЧЗГЛ:1
|